| 000 | 00619nam a22002057a 4500 | ||
|---|---|---|---|
| 005 | 20171122125907.0 | ||
| 010 | _aENG-121562 | ||
| 020 |
_a9789325981089 _c250.00 |
||
| 035 | _aEN-105094 | ||
| 037 | _bDBAD/PUB | ||
| 082 | _a657.42 | ||
| 100 | _aSenthilkumar, K | ||
| 245 |
_aAdvanced cost accounting / _cby K Senthilkumar, K Maruthamuthu [and] Desti Kannaiah |
||
| 260 |
_aNoida _bVikas Publishing House _c2014 |
||
| 270 |
_aE-28, Sector-8, _bNoida(UP) _e201301 |
||
| 300 |
_axii,335p. _c25cm(pbk) |
||
| 700 | _aMaruthamuthu, K | ||
| 700 | _aKannaiah, Desti | ||
| 942 |
_2ddc _cEN _h657.42 _mSEN |
||
| 999 |
_c147654 _d147654 |
||